Musical Artists by Signature Song (Part 1) - Statistics

General Stats
  • This quiz has been taken 415 times
    164 since last reset
  • The average score is 23 of 37
Answer Stats
Year Song Artist % Correct
1972 Rocket Man Elton John
98%
1975 Bohemian Rhapsody Queen
97%
1976 Dancing Queen ABBA
95%
1973 Piano Man Billy Joel
94%
1977 Hotel California Eagles
94%
1967 Respect Aretha Franklin
88%
1971 Imagine John Lennon
88%
1969 My Way Frank Sinatra
86%
1971 Stairway to Heaven Led Zeppelin
82%
1965 (I Can't Get No) Satisfaction The Rolling Stones
81%
1978 Y.M.C.A. Village People
81%
1967 What a Wonderful World Louis Armstrong
80%
1978 I Will Survive Gloria Gaynor
75%
1964 The House of the Rising Sun The Animals
74%
1971 Take Me Home, Country Roads John Denver
73%
1958 Johnny B. Goode Chuck Berry
72%
1972 Smoke on the Water Deep Purple
72%
1971 American Pie Don McLean
71%
1970 Layla Eric Clapton
63%
1976 (Don't Fear) The Reaper Blue Öyster Cult
60%
1967 Light My Fire The Doors
58%
1964 You Really Got Me The Kinks
55%
1965 It's Not Unusual Tom Jones
55%
1965 I Got You Babe Sonny & Cher
54%
1957 Great Balls of Fire Jerry Lee Lewis
53%
1977 Margaritaville Jimmy Buffett
49%
1954 Rock Around the Clock Bill Haley & His Comets
39%
1956 Que Sera, Sera (Whatever Will Be, Will Be) Doris Day
33%
1975 Rhinestone Cowboy Glen Campbell
32%
1961 Crazy Patsy Cline
31%
1934 On the Good Ship Lollipop Shirley Temple
31%
1953 I Left My Heart in San Francisco Tony Bennett
31%
1970 Coal Miner's Daughter Loretta Lynn
30%
1977 I Want You to Want Me Cheap Trick
28%
1963 Louie, Louie The Kingsmen
27%
1968 Beyond the Sea Bobby Darin
19%
1962 Moon River Andy Williams
14%
No matching quizzes found
Score Distribution
Percent of People with Each Score
Percentile by Number Answered
Your Score History
You have not taken this quiz since the last reset